LEADER 00484nam 2200169z- 450 001 9910693682503321 035 $a(CKB)4970000000059049 035 $a(EXLCZ)994970000000059049 100 $a20240129c2001uuuu -u- - 101 0 $aeng 200 00$aWelfare reform : GAO's recent and ongoing work on DOT's access to jobs program 210 $aWashington, DC 517 $aWelfare Reform 906 $aDOCUMENT 912 $a9910693682503321 996 $aWelfare reform$93096253 997 $aUNINA